000 00827nas a2200265 4500
001 BR0100066
003 BR-BrBNA
005 20231205102009.0
007 ta
008 230509b bl.|||p| |||| 00| 00por d
040 _aBR-BrBNA
_bpor
_cBiblioteca Nacional de Agricultura
041 _a(Pt)
072 _aF02
100 1 _aDantas, A.C. de M.
100 1 _aFortes, G.R. de L.
100 1 _aAnjos, S.D. dos
245 1 _aCaracterizacao de somaclones de porta-enxertos de macieira atraves de sistemas isoenzimaticos
650 _aMaca
650 _aPorta Enxerto
650 _aVariacao Clonal
650 _aAtividade Enzimica
773 0 _tRevista Brasileira de Fruticultura (Brazil)
_xISSN 0100-2945
_g(Aug 2000), v. 22(2) p. 156-160
_wBR0100066
909 _a202311
_bLúcia
_c55
_dLúcia Elande
942 _2AGRIS
_n0
_cANA
999 _c165160
_d165160